Top 10 Countries with the Most Hakka Speakers - Statistics

General Stats
  • This quiz has been taken 81 times
  • The average score is 7 of 13
Answer Stats
Ranking % # Country % Correct
1 2.5 36,600,000 China
98%
2 17.8 4,240,000 Taiwan
97%
3 5.6 1,810,000 Malaysia
90%
6 0.1 79,000 Thailand
90%
5 4.0 233,000 Singapore
85%
4 0.2 640,000 Indonesia
80%
9 0.03 10,900 Canada
77%
- 0.6 42,300 Hong Kong
69%
- 4.8 14,400 French Guiana
13%
10 1.5 9,000 Suriname
13%
8 0.6 27,000 Panama
10%
7 2.6 76,000 Jamaica
8%
- 1.3 11,400 Réunion
2%
No matching quizzes found
Score Distribution
Percent of People with Each Score
Percentile by Number Answered
Your Score History
You have not taken this quiz